000 00769nam a2200193Ia 4500
003 GCL
008 140319s9999 xx 000 0 ara d
040 _aGCL /
_cGCL
082 0 4 _a615.852
_bع ط
100 1 _aعلى مؤنس
245 1 0 _aالطب النبوى فى علاج مرضى الجهاز الهضمى والكبد :
_bمع ملحق خاص طعام مرضى الجهاز الهضمى و الكبد /
_cعلى مؤنس
260 _aالقاهرة :
_bالعصر الحديث للنشر والتوزيع ،
_c1992
300 _a159 ص ؛
_c21 سم
490 _aالهيئة العامة للاستعلامات
_v0
650 0 4 _aالطب العربى
650 0 4 _aالطب النبوى
650 0 4 _aالحضارة الاسلامية
942 _2ddc
_cBK
999 _c48512
_d48512